000 00641 a2200193 4500
999 _c8005
_d8005
010 _aENG-88304
020 _a8178271486
_c950.00
035 _aEN-71837
037 _bDBAD / PUB
082 1 4 _a320.95453
100 _aSahadevan, P.
245 1 _aPolitics of conflict and peace in Sri Lanka/
_cby Sahadevan [and] Neil Devotta
260 _aNew Delhi
_bManak Publications
_c2007
270 _aB-7, Saraswati Complex, Subhash Chowk, Laxmi Nagar,
_bNew Delhi
_e110 092
_k22453894, 22042529
300 _axi, 388p.
_c22cm ( Hb)
500 _aIncludes index
700 _aDevotta, Neil
942 _adpl
_cEN
_2ddc
_h320.95453
_mSAH